000 00993nam a2200313 i 4500
003 EG-GICUC
005 20260203112057.0
008 260203s1937 -uS| ||fr|||| 001 0 eng d
040 _aEG-GiCUC
_cEG-GiCUC
_dEG-GiCUC
_erda
_beng
041 0 _aeng
082 0 4 _221
_a341.84
_bKU . C
092 0 4 _221
099 _aLaw1 12 341.84 KU . C 1937
100 1 _aKuhn, Arthur K
_eAuthor.
245 1 4 _aComparative Commentaries On Private International Law :
_bOr Conflict Of Laws /
_cBy Arthur K. Kuhn.
264 1 _aNew York :
_bThe Macmillan Company,
_c1937.
300 _a381 pages,
_c24 cm.
336 _2rda content
_atext
337 _2rda media
_aComputer
338 _2rda carrier
_aOnline Resource
504 _aIncludes bibliographical references and index.
546 _aText in English
650 1 4 _aPrivate international law
650 1 4 _2
651 1 _2qrmak
856 4 0 _uhttps://fll.law.cu.edu.eg/fulltext/bks/B12-02310.pdf
905 _a48
942 _2ddc
_cBK
_e21
_n0
999 _c60461
_d60461